Score 0/24 Timer 03:00
0 Plays Today
College Team Missing Word % Correct
Florida _____Gators
96.5%
Notre Dame Fighting _____Irish
96.5%
Oregon _____Ducks
95.1%
Texas A&M _____Aggies
95%
Texas _____Longhorns
93.7%
Georgia Tech _____ JacketsYellow
93.3%
Nebraska _____Cornhuskers
92.8%
Oklahoma _____Sooners
91.9%
Kansas _____Jayhawks
90.7%
Syracuse _____Orange
90.3%
Arkansas _____Razorbacks
89.5%
Michigan _____Wolverines
89.1%
College Team Missing Word % Correct
Tennessee _____Volunteers
87.4%
Washington _____Huskies
86.1%
Penn State _____ LionsNittany
86%
Boston College _____Eagles
85.9%
Utah _____Utes
82.9%
Cincinnati _____Bearcats
82.7%
Maryland _____Terrapins
77.3%
Pittsburgh _____Panthers
76.3%
Navy _____Midshipmen
75.5%
Air Force _____Falcons
71.6%
Akron _____Zips
71.3%
Central Florida _____Knights
70%

Today's Daily Dose

Missing Word
The Unexplained

Quick Pick
Sunday Things

Get the Picture
Beat It or Eat It?

You're not logged in!

Compare scores with friends on all Sporcle quizzes.
OR
Log In

Sporcle TV

Today on Sporcle TV


Watch our educational content, quiz creation guides, and fun videos on Sporcle TV.

Show Comments

Extras

Top Quizzes Today


Score Distribution

Paid Content

Your Account Isn't Verified!

In order to create a playlist on Sporcle, you need to verify the email address you used during registration. Go to your Sporcle Settings to finish the process.

Report this User

Report this user for behavior that violates our Community Guidelines.

Details: